Mots français venant étymologiquement d'une couleur - Statistiques

Statistiques générales
  • Ce quiz a été pris 64 fois
  • Le résultat moyen est 7 sur 28
Réponses sur la Carte
Les réponses sont colorées sur une échelle allant du rouge au vert en fonction du pourcentage des utilisateurs qui les ont devinées à leur premier essai. Vous pouvez retrouver ces pourcentages ci-dessous.
 
Statistiques - réponses
Réponse % Correct
Rubis
63%
Mélancolie
52%
Chrysanthème
41%
Mélanine
39%
Rhododendron
39%
Rubéole
37%
Aubépine
35%
Rubiette
35%
Chlorophylle
33%
Rubidium
30%
Chlore
28%
Mélanose
28%
Albite
26%
Leucémie
26%
Pygargue
26%
Célestite
22%
Glaucome
20%
Indium
20%
Iode
17%
Rhodium
17%
Polio(myélite)
15%
Cyanure
13%
Glaucophane
13%
Cirrhose
11%
Porphyre
11%
Césium
9%
Xanthome
9%
Riboflavine
4%
Aucun quiz correspondant
Distribution des résultats
% des personnes avec chaque résultat
Percentile par nombre de réponses
Votre historique - résultats
Vous n’avez pas pris ce quiz